000 00598nam a2200217Ia 4500
003 OSt
005 20221007083000.0
006 a|||||r|||| 00| 0
007 ta
008 221006b |||||||| |||| 00| 0 eng d
024 _a44,583
037 _cDissertations
040 _aFLL
_cFLL
_beng
041 _2eng
_aeng
100 _aSHARMA Shivani
_9699983
245 0 _aLaw of extradition - Recent progression with special reference to the practice and experiences of India
260 _c2017
300 _ad.p.
_ccm.
942 _cDIS
_2CC
999 _c1168379
_d1168379